Les 20 films qui ont rapporté le plus ! - Statistiques

Statistiques générales
  • Ce quiz a été pris 106 fois
  • Le résultat moyen est 3 sur 20
Statistiques - réponses
Somme rapporter Film % Correct
2,202 milliards de dollars Titanic
88%
2,847 milliards de dollars Avatar
74%
1,519 milliards de dollars Avengers
60%
2,798 milliards de dollars Avengers: Endgame
31%
1,663 milliards de dollars Le Roi Lion
19%
1,282 milliards de dollars La Reine des neiges
14%
1,671 milliards de dollars Jurassic World
10%
1,515 milliards de dollars Fast & Furious 7
9%
1,901 milliards de dollars Spider-Man: No Way Home
8%
1,274 milliards de dollars La Belle et la Bête
4%
1,348 milliards de dollars Black Panther
3%
2,070 milliards de dollars Star Wars Episode 7 : Le réveil de la force
3%
1,333 milliards de dollars Star Wars épisode 8
3%
1,357 milliards de dollars Top Gun: Maverick
3%
1,342 milliards de dollars Harry Potter et les reliques de la mort - partie 2
1%
1,402 milliards de dollars Avengers 2 : l'ère d'ultron
0%
2,048 milliards de dollars Avengers: Infinity War - Part I
0%
1,311 milliards de dollars Jurassic World: Fallen Kingdom
0%
1,450 milliards de dollars La Reine des Neiges II
0%
1,243 milliards de dollars Les Indestructibles 2
0%
Aucun quiz correspondant
Distribution des résultats
% des personnes avec chaque résultat
Percentile par nombre de réponses
Votre historique - résultats
Vous n’avez pas pris ce quiz